000 01254pab a2200181 454500
008 180718b2011 xxu||||| |||| 00| 0 eng d
100 _aAzam, Mohd
245 _aDecentralization and participatory planning for rural development
260 _c2011
300 _ap.6-10.
362 _aAug
520 _aThe 73rd Amendment to the Constitution hence has been welcomed as focusing the attention of the nation of the fiscal structures and processes of rural India. As per the 29 items of the Eleventh Schedule of the Constitution, three functions i.e. functions, functionaries and funds have to be devolved on the Panchayati Raj Institutions for planning and implementation of schemes pertaining to a particular sector. But Centrally Sponsored Schemes implemented by other Central Ministries, often ignore the involvement of PRIs. In case the role is identified, it is either non-existent or minimal. Although 73rd Amendment was not a component of structural reform but the attempt to decentralize allocative decisions with the change in the development strategy should be more open and market friendly economic regime. - Reproduced.
650 _aRural development
700 _aAlam, Tosib
773 _aKurukshetra
908 _aN
909 _a92735
999 _c92735
_d92735